| 000 | 00698nam a2200217 i 4500 | ||
|---|---|---|---|
| 001 | 28275 | ||
| 003 | ES-MaACL | ||
| 005 | 20230906153819.0 | ||
| 007 | t| | ||
| 008 | 030116s1965 sp ||||1| spa d | ||
| 100 | 1 |
_aBalducci, Ernesto. _924905 |
|
| 245 | 1 | 3 |
_aEl Papa Juan / _cErnesto Balducci ; [traducción por Gabriel González Gayo y Mª Flor Gago Alvarez]. |
| 260 |
_aMadrid : _bEuroamérica, _c[1965] |
||
| 300 |
_a453 p. ; _c19 cm. |
||
| 490 | 1 |
_aColección concilio ; _v7 |
|
| 700 | 1 |
_aGonzález Gayo, Gabriel. _958669 |
|
| 700 | 1 |
_aGago Alvarez, María Flor. _953233 |
|
| 830 | 0 |
_aColección concilio ; _v7 _9182093 |
|
| 852 |
_aES-MaACL _jC-27733 _bR.56421 |
||
| 999 |
_c28275 _d28275 |
||